000 00586nam a2200193Ia 4500
003 OSt
005 20200827114510.0
008 190216s9999||||xx |||||||||||||| ||und||
020 _a9789350063996
040 _coclc
082 _a535.84
_bGUP/E
100 _aGupta, S L
_91031
245 0 _aElements Of Spectroscopy :
_bAtomic,Molecular And Laser Physics /
_cS L Gupta ; V Kumar ; R C Sharma
250 _a26th Ed.
260 _bPragathi Prakashan,
_c2014.
_aMeerut:
300 _a597p
650 _aPhysics
942 _cBK
_2ddc
_h535.84
_iGUP/E
_k535.84
_mGUP/E
999 _c34612
_d34612